| 000 | 00348cam a22001217a 4500 | ||
|---|---|---|---|
| 008 | 180718b1999 xxu||||| |||| 00| 0 eng d | ||
| 082 | _aA99/Sr31 K642 | ||
| 100 | _aKishore, Nilanjana | ||
| 245 |
_aSri Prakasa: a political biography _cby Nilanjana Kishore |
||
| 260 |
_aNew Delhi _bUppal _c1999 |
||
| 300 | _a360p. | ||
| 650 | _aSri Prakasa - Biography | ||
| 999 |
_c391689 _d391689 |
||